Compagnies aériennes françaises - Statistiques

Statistiques générales
  • Ce quiz a été pris 104 fois
  • Le résultat moyen est 8 sur 24
Statistiques - réponses
Code IATA Code OACI Base principale Compagnie aérienne % Correct
A5 HOP Aéroport de Paris-Charles-de-Gaulle Air France Hop
100%
AF AFR Aéroport de Paris-Charles-de-Gaulle Air France
99%
TX FWI Aéroport Guadeloupe - Pôle Caraïbes Air Caraïbes
77%
TO TVF Aéroport de Paris-Orly Transavia France
72%
SS CRL Aéroport de Paris-Orly Corsair International
60%
VT VTA Aéroport international de Tahiti-Faaa Air Tahiti
59%
XK CCM Aéroport d'Ajaccio Napoléon Bonaparte Air Corsica
55%
BF FBU Aéroport de Paris-Orly French bee
53%
UU REU Aéroport de La Réunion-Roland-Garros Air Austral
47%
TN THT Aéroport international de Tahiti-Faaa Air Tahiti Nui
25%
SB ACI Aéroport international de Nouméa - La Tontouta Aircalin
23%
8R AIA Aéroport de Paris-Orly Amelia
17%
B0 DJT Aéroport de Paris-Orly La Compagnie
17%
TY TPC Aéroport de Nouméa - Magenta Air Calédonie
16%
4I KES Aéroport Guadeloupe - Pôle Caraïbes Air Antilles
14%
CE CLG Aéroport de Caen - Carpiquet Chalair Aviation
14%
T7 TJT Aéroport de Lyon Aéroport de Marseille Aéroport de Toulouse Twin Jet
13%
5O FPO Aéroport de Paris-Charles-de-Gaulle ASL Airlines France
8%
ZD EWR Aéroport de Dzaoudzi-Pamandzi Ewa Air
6%
FTR Aéroport de Brest-Bretagne Finistair
6%
PV SBU Aéroport de Saint-Barthélemy-Rémy-de-Haenen St Barth Commuter
6%
PJ SPM Aéroport de Saint-Pierre Pointe-Blanche Air Saint-Pierre
5%
NM NTR Aéroport international de Tahiti-Faaa Air Moana
1%
GP RIV Aéroport de Toulouse-Blagnac APG Airlines
1%
Aucun quiz correspondant
Distribution des résultats
% des personnes avec chaque résultat
Percentile par nombre de réponses
Votre historique - résultats
Vous n’avez pas pris ce quiz